00852nam a2200277Ia 4500008004000000020001800040041000800058082001700066100001800083245006700101260005100168300001200219650000700231650000900238650000900247650001500256650000900271650001200280650001300292650001600305690002400321700001700345906001100362999001900373952018200392210210b2016 xxu||||| |||| 00| 0 eng d a9789385980268 aeng a658.002 SIJA aSIJWALI (B S) aArihant face to face MAT: management aptitude test (1997-2016) aNew DelhibArihant Publications Pvt Ltd.c2016 axii,632 ato atest aMAT: amanagement aface aArihant aaptitude a(1997-2016) aManagement Entrance aSINGH (Ajay) a071328 c120652d120652 001040708ManagementaALbALcManagementd2021-02-17eBiblios Book Point, Surathkal-575014g490.00l7m3o658.002 SIJAp071328r2025-12-18 09:47:59s2025-12-08w2021-02-17yBK